When Daddy loses his job / (Record no. 787936)

MARC details
000 -LEADER
fixed length control field 01109nam a22003017r 4500
003 - CONTROL NUMBER IDENTIFIER
control field 3228
005 - DATE AND TIME OF LATEST TRANSACTION
control field 20260610101538.0
008 - FIXED-LENGTH DATA ELEMENTS--GENERAL INFORMATION
fixed length control field 251027b sa a|||b |||| 00| 1 eng d
020 ## - INTERNATIONAL STANDARD BOOK NUMBER
International Standard Book Number 9781928486961 (paperback)
040 ## - CATALOGING SOURCE
Original cataloging agency MPL
Transcribing agency 3228
Description conventions Resource Description and Access
Language of cataloging eng
041 ## - LANGUAGE CODE
Language code of text/sound track or separate title English
082 #0 - DEWEY DECIMAL CLASSIFICATION NUMBER
Classification number EJF WATE
082 #0 - DEWEY DECIMAL CLASSIFICATION NUMBER
Edition number EKF WATE
100 ## - MAIN ENTRY--PERSONAL NAME
9 (RLIN) 197292
Personal name Waterson, Natalie
Relator term author
245 ## - TITLE STATEMENT
Title When Daddy loses his job /
Statement of responsibility, etc. Waterson, Natalie ; edited by Alet Kruger ; illustrations Jesse Stols Pietersen
250 ## - EDITION STATEMENT
Edition statement First edition
260 ## - PUBLICATION, DISTRIBUTION, ETC.
Place of publication, distribution, etc. Centurion :
Name of publisher, distributor, etc. Qualibooks Publishing ,
Date of publication, distribution, etc. ©2020,
-- 2020.
300 ## - PHYSICAL DESCRIPTION
Extent 20 pages :
Other physical details illustrations ;
Dimensions 21 cm
490 ## - SERIES STATEMENT
Series statement I'm not scared
500 ## - GENERAL NOTE
General note "A series on dealing with first-time experiences."<br/><br/>"Pasella."<br/><br/>Also available in other official South African languages.
521 ## - TARGET AUDIENCE NOTE
Target audience note children's stories
655 #0 - INDEX TERM--GENRE/FORM
9 (RLIN) 188586
Genre/form data or focus term Children's Fiction
655 #0 - INDEX TERM--GENRE/FORM
9 (RLIN) 188670
Genre/form data or focus term Human Relations Fiction
655 #0 - INDEX TERM--GENRE/FORM
9 (RLIN) 188803
Genre/form data or focus term Information Fiction
700 ## - ADDED ENTRY--PERSONAL NAME
9 (RLIN) 197293
Personal name Pietersen, Jesse Stols
Relator term illustrator
700 ## - ADDED ENTRY--PERSONAL NAME
9 (RLIN) 181501
Personal name Kruger, Alet
Dates associated with a name editor
942 ## - ADDED ENTRY ELEMENTS
Source of classification or shelving scheme Dewey Decimal Classification
item type Books
-- 296
-- Phillipina Naude
Holdings
Withdrawn status Lost status Source of classification or shelving scheme Damaged status Not for loan Collection code Home library Current library Shelving location Date acquired Cost, normal purchase price Full call number Barcode Date last seen Price effective from item type Total Checkouts Public note
    Dewey Decimal Classification     Fiction MBOMBELA REGIONAL LIBRARY Kabokweni Fiction 19.11.2025 37.50 EJF WATE 3228200051827 19.11.2025 19.11.2025 Book    
    Dewey Decimal Classification     Fiction Klarinet PL (MMID-PLEM-KLAR) Klarinet PL (MMID-PLEM-KLAR) Children's Area 10.06.2026   EKF WATE 3228200028242 10.06.2026 10.06.2026 Books   787936
    Dewey Decimal Classification     Fiction MBOMBELA REGIONAL LIBRARY Masoyi Fiction 27.10.2025 37.50 EJF WATE 3228200051968 27.10.2025 27.10.2025 Book    
    Dewey Decimal Classification     Fiction Silindile Public Library Silindile Public Library Children's Area 13.05.2026 37.50 EJF WATE 3322803173863 13.05.2026 13.05.2026 Book